000 00952nam a2200289 a 4500
001 1317
003 BR-CuiBMT
005 20231204235401.0
008 231114s2013 spb 001 0 por d
020 _a9788502184497
040 _aBR-CuiBMT
_cBR-CuiBMT
080 _a347
_x(81)
_x(094.5)
_22007
090 _a347(81)(094.5)
_bB823c
_c64. ed.
110 1 _aBrasil
240 _a[Código civil (2002)]
245 1 0 _aCódigo civil brasileiro :
_be constituição federal 2013.
250 _a64. ed.
260 _aSão Paulo :
_bSaraiva,
_c2013.
300 _axli, 168 p. ;
_c23 cm
500 _aInclui índice.
500 _aLei n. 10.406, de 10 de janeiro de 2002, acompanhada de Legislação Complementar, Súmulas e Índices.
610 _aBrasil
_tDecreto-Lei n. 4.657, de 4 de setembro de 1942
650 _aCódigo civil
_xBrasil
650 _aDireito civil
_vLegislação
_xBrasil
700 _aCosta, Indio da,
_d1970-
942 _2udc
_cLV
999 _c1317
_d1317